Países mais visitados por turistas chineses - Statistics

Estatísticas Gerais
  • Esse quiz foi jogado 72 vezes
  • A pontuação média é 11 de 15
Estatísticas das Respostas
Hint Resposta % Correto
3 Estados Unidos
97%
2 Japão
95%
1 Coreia do Sul
91%
6 Austrália
86%
11 Indonésia
86%
12 Canadá
81%
9 Itália
81%
15 Espanha
80%
14 Reino Unido
80%
4 Tailândia
75%
10 Vietnã
70%
13 Filipinas
69%
8 Malásia
64%
5 Taiwan
50%
7 Cingapura
5%
Nenhum quiz correspondente encontrado
Distribuição das Pontuações
Porcentagem de Pessoas com Cada Pontuação
Percentil de Números Respondidos
Sua Pontuação Histórica
Você não jogou esse quiz